000 01080nam a2200337 i 4500
001 768714001
003 CO-MdFUSB
005 20220402105305.0
007 ta
008 200724t1989 ag o|||| |||| 00| 0 spa d
020 _a[No incluye ISBN]
040 _aCO-MdFUSB
_bspa
_cCO-MdFUSB
_dCO-MdFUSBC
_erda
041 _aspa
090 _aAV 0199
110 _aProyecto Magreb,
245 1 _aVivencias
_b: primeras impresiones de misioneros latinoamericanos viviendo entre pueblos musulmanes
_c/ Proyecto Magreb
250 _aSegunda edición
264 1 _aSanta Fe, Argentina :
_bProyecto Magreb,
_c[1989]
264 4 _c©1989
300 _c;
336 _2rdacontent
_atexto
_btxt
337 _2rdamedia
_asin mediación
_bn
338 _2rdacarrier
_avolumen
_bnc
490 _aColección Musulmania
505 _aPrólogo -- Una familia latina entre árabes musulmanes -- Desde mi ventana -- Sorpresas en el continente asiático -- Una privacidad diferente
563 _aRústico
650 7 _9931
_aMisioneros
830 _nN° 2
942 _cAV
945 _aDani
999 _c66556
_d66556